Statistics for 神奈川県の観光スポットクイズ

Click here to take the quiz!

General Stats

  • This quiz has been taken 27 times
  • The average score is 4 of 15

Answer Stats

HintAnswer% Correct
2023年12月10日に小田急線でラストランを迎えた小田急50000形をアルファベット3文字で表すと?VSE
71%
江戸を出て最初の難所となる急坂「権太坂」に続く坂路をひかえた宿場といえば?保土ケ谷宿
62%
横須賀市にある東京湾最大の自然島で、第二次世界大戦以前は首都防衛の拠点とされ、
国内初の台場が作られ、今では国の史跡にも指定されている島は何?
猿島
57%
横浜市本牧にある原富太郎が1906年に建設した別荘庭園といえば?三溪園
48%
よく足柄駅から足柄駅への乗り換えで使う、標高759mの峠は?足柄峠
48%
小田原城下町を整備した北条家三代目の戦国武将は誰?北条氏康
43%
単刀直入に聞きます。神奈川県最高峰は?蛭ヶ岳
29%
座間市ひまわりまつりは1993年に地元の農業協同組合が座間市の花であるヒマワリを荒廃地、
遊休農地対策の一環として植栽したことから始まります。では初めてまつりが開催されたのは何年?
2000
14%
毎年5月には大和市民まつりが開催される温水プールや野外音楽堂を備えた総合公園は何?引地台公園
10%
川崎市にある水とかがやく未来館は何という浄水場の広報施設?長沢
10%
海老名SAといえばメロンパンが有名ですが、海老名メロンパンを販売する店の名前は何?ぽるとがる
10%
宮ヶ瀬ダムの遊覧船の名前は?ミーヤ丸
5%
江ノ島の南西。岩屋の周辺に広がる稚児ケ淵の地形を地学用語でいうと漢字3文字で何?海食台
5%
さがみ湖温泉うるり、PICAさがみ湖などがあるさがみ湖リゾート プレジャーフォレストの旧称は?さがみ湖ピクニックランド
5%
厚木市内にある温泉といえば七沢温泉と飯山温泉ですね。では飯山温泉の元湯旅館公式HPに記載されている、
たぬき伝説に登場するタニシ取りの名前は?
ハッちゃん
5%

Score Distribution

Percentile by Number Answered

Percent of People with Each Score

Your Score History

You have not taken this quiz